| 000 | 00478nam a2200169 a 4500 | ||
|---|---|---|---|
| 001 | 2344 | ||
| 003 | CDMR | ||
| 005 | 20130315121052.0 | ||
| 008 | 130130s2000||||||||||||||||||||||||||||d | ||
| 020 | _a843060409X | ||
| 040 |
_aCDMR _bcat _cCPC GIRONA |
||
| 100 | 1 |
_aGrijelmo, Álex _9508 |
|
| 245 | 1 | 3 |
_aLa seducción de las palabras _b: [un recorrido por las manipulaciones del pensamiento] _cÁlex Grijelmo |
| 250 | _a[3a. ed.] | ||
| 260 |
_c2000 _bTaurus _aMadrid |
||
| 942 |
_cMON _2udc |
||
| 999 |
_c2344 _d2344 |
||